Football: Ligue des Champions 2024/2025 - Statistiques

Statistiques générales
  • Ce quiz a été pris 879 fois
    474 depuis la dernière actualisation
  • Le résultat moyen est 25 sur 36
Statistiques - réponses
Réponse % Correct
Paris SG
100%
Real Madrid
98%
Manchester City
97%
FC Barcelone
95%
Bayern Munich
94%
Liverpool
93%
Inter Milan
92%
Milan AC
90%
Atlético de Madrid
89%
Borussia Dortmund
88%
Lille OSC
88%
Arsenal
87%
Stade Brestois 29
87%
AS Monaco
85%
Juventus Turin
84%
Benfica Lisbonne
77%
Sporting CP
74%
Bayer Leverkusen
73%
Aston Villa
72%
PSV Eindhoven
72%
RB Leipzig
67%
Girona FC
65%
Feyenoord Rotterdam
57%
Atalanta Bergame
56%
VfB Stuttgart
55%
Celtic Glasgow
49%
Club Bruges
49%
Young Boys Berne
49%
RB Salzbourg
47%
Bologne FC 1909
43%
Sturm Graz
41%
Etoile Rouge Belgrade
40%
Dinamo Zagreb
39%
Slovan Bratislava
36%
Sparta Prague
33%
Chakhtar Donetsk
32%
Aucun quiz correspondant
Distribution des résultats
% des personnes avec chaque résultat
Percentile par nombre de réponses
Votre historique - résultats
Vous n’avez pas pris ce quiz depuis la dernière actualisation